000
00298nam a2200121Ia 4500
008
190216s9999||||xx |||||||||||||| ||und||
100
_a
Milton S Kiver And Milton Kaufman
245
0
_a
Television Simplified
260
_b
East-West Press
_c
1973
300
_a
616p
650
_a
Physics
942
_c
BK
999
_c
33003
_d
33003